| 000 | 00771nam a2200229 i 4500 | ||
|---|---|---|---|
| 001 | 77646 | ||
| 003 | ES-MaACL | ||
| 005 | 20230906173323.0 | ||
| 007 | t| | ||
| 008 | 041028m20012003sp ||||1| spa d | ||
| 020 | _a84-87290-34-5 | ||
| 080 | _a914.602.7 M. (0:77) | ||
| 080 | _a77(460) | ||
| 245 | 0 | 0 |
_aImágenes del Madrid antiguo : _bálbum fotográfico. |
| 250 | _a3ª ed. | ||
| 260 |
_aMadrid : _bLa Librería, _c2001-2003. |
||
| 300 |
_a3 v. : _bprincipalmente il., fot. ; _c29 cm. |
||
| 505 | 8 | _aContiene: [Pte. 1]. Álbum fotográfico 1857-1939 - [Pte. 2]. Álbum fotográfico 1930-1960 - [Pte. 3]. Álbum fotográfico 1940-1965 | |
| 651 | 4 |
_aMadrid- _xDescripción. _98952 |
|
| 651 | 4 |
_aMadrid- _vObras ilustradas. _98976 |
|
| 852 | 4 |
_aES-MaACL _jL-28375-77 |
|
| 999 |
_c77646 _d77646 |
||